[Event "GER-ch U18 Girls"]
[Site "Oberhof"]
[Date "2012.06.02"]
[Round "9"]
[White "Schrader, Elanor"]
[Black "Bornschier, Lisa"]
[Result "1-0"]
[WhiteElo "1597"]
[BlackElo "1347"]
[PlyCount "81"]
[EventDate "2012.05.27"]
[EventType "swiss"]
[EventRounds "9"]
[EventCountry "GER"]
[SourceTitle "CBM 148 Extra"]
[Source "ChessBase"]
[SourceDate "2012.06.22"]
[SourceVersion "1"]
[SourceVersionDate "2012.06.22"]
[SourceQuality "1"]

1. e4 e5 2. Nf3 Nc6 3. Bb5 a6 4. Ba4 Nf6 5. 0-0 Nxe4 6. Re1 Nc5 7. Bxc6 dxc6 8. Nxe5 Be7 9. d4 Ne6 10. c3 0-0 11. Be3 Qd6 12. Nd2 c5 13. Ndc4 Qd5 14. dxc5 Qxd1 15. Raxd1 Nxc5 16. Bxc5 Bxc5 17. b4 Be7 18. Nd7 Re8 19. g3 b5 20. Na5 Bxd7 21. Rxd7 Bd6 22. Rxe8+ Rxe8 23. Nb7 Be5 24. Nc5 g6 25. Nxa6 Bxc3 26. Rxc7 Ra8 27. Rxc3 Rxa6 28. Rc8+ Kg7 29. Rb8 Rxa2 30. Rxb5 Rb2 31. Rb7 Kf8 32. b5 Ke8 33. b6 Rb5 34. Kg2 h5 35. Rb8+ Kd7 36. b7 Kc7 37. Rf8 f5 38. b8Q+ Rxb8 39. Rxb8 Kxb8 40. Kf3 g5 41. h4 1-0

[Event "Hessen-ch U14/18 Girls"]
[Site "Bad Homburg"]
[Date "2012.??.??"]
[Round "6"]
[White "Bornschier, Lisa"]
[Black "Lukas, Anne"]
[Result "1-0"]
[WhiteElo "1239"]
[BlackElo "1479"]
[PlyCount "73"]
[EventDate "2012.04.??"]
[EventType "swiss"]
[EventRounds "9"]
[EventCountry "GER"]
[SourceTitle "EXT 2015"]
[Source "ChessBase"]
[SourceDate "2014.11.20"]
[SourceVersion "1"]
[SourceVersionDate "2014.11.20"]
[SourceQuality "1"]

1. c4 e5 2. Nc3 Nf6 3. g3 Be7 4. Bg2 d6 5. Nf3 Be6 6. b3 Nbd7 7. Ng5 Bf5 8. Bxb7 Rb8 9. Bg2 h6 10. Nf3 Nc5 11. d3 e4 12. Nd4 Qd7 13. Be3 Ng4 14. 0-0 Nxe3 15. fxe3 Bh3 16. Rf4 Bxg2 17. Kxg2 Bg5 18. Rf1 Bxe3 19. Nf5 Bg5 20. Nxg7+ Kf8 21. Nf5 exd3 22. exd3 Qc6+ 23. Kg1 Bf6 24. Rc1 h5 25. Nd5 Bg5 26. Rc2 h4 27. Qf3 Qd7 28. Nfe7 Rh7 29. Re2 Ne6 30. Nf5 c6 31. Nde3 Re8 32. Qg4 Qd8 33. Qf3 hxg3 34. hxg3 Qd7 35. Rff2 f6 36. Rh2 Bxe3+ 37. Nxe3 1-0

[Event "Hessen-ch U14/18 Girls"]
[Site "Bad Homburg"]
[Date "2012.??.??"]
[Round "9"]
[White "Bornschier, Lisa"]
[Black "Velkin, Elina"]
[Result "1/2-1/2"]
[WhiteElo "1239"]
[BlackElo "1693"]
[PlyCount "26"]
[EventDate "2012.04.??"]
[EventType "swiss"]
[EventRounds "9"]
[EventCountry "GER"]
[SourceTitle "EXT 2015"]
[Source "ChessBase"]
[SourceDate "2014.11.20"]
[SourceVersion "1"]
[SourceVersionDate "2014.11.20"]
[SourceQuality "1"]

1. c4 e5 2. Nc3 Nf6 3. g3 c6 4. Bg2 d5 5. d3 dxc4 6. dxc4 Qxd1+ 7. Nxd1 Bb4+ 8. Bd2 Bxd2+ 9. Kxd2 Bf5 10. Ne3 Be6 11. Nf3 Nbd7 12. Rad1 0-0 13. Kc1 Rad8 1/2-1/2